Confederate outlaw (Record no. 124824)
[ view plain ]
| 000 -LEADER | |
|---|---|
| fixed length control field | 02046nam a2200397 a 4500 |
| 082 04 - DEWEY DECIMAL CLASSIFICATION NUMBER | |
| Classification number | 973.7/8 |
| -- | B |
| 100 1# - MAIN ENTRY--AUTHOR NAME | |
| Personal name | McKnight, Brian Dallas. |
| 245 10 - TITLE STATEMENT | |
| Title | Confederate outlaw |
| 260 ## - PUBLICATION, DISTRIBUTION, ETC. (IMPRINT) | |
| Place of publication | Baton Rouge : |
| Name of publisher | Louisiana State University Press, |
| Year of publication | c2011. |
| 300 ## - PHYSICAL DESCRIPTION | |
| Number of Pages | xiv, 252 p. |
| 490 0# - SERIES STATEMENT | |
| Series statement | Conflicting worlds : new dimensions of the American Civil War |
| 505 0# - FORMATTED CONTENTS NOTE | |
| Formatted contents note | The 'natural man' -- Exiled to Tennessee -- Fight on the Cumberland -- The tensions of the borderland -- Stability and partition -- Lessons of perseverance -- The borderland guerrilla lifestyle -- A terrible career's grand climax -- Revelation of a clear conscience -- Quiet resurrections of an unlikely hero. |
| 650 #0 - SUBJECT ADDED ENTRY--TOPICAL TERM | |
| Topical Term | Guerrillas |
| Topical Term | Outlaws |
| 856 40 - ELECTRONIC LOCATION AND ACCESS | |
| Uniform Resource Identifier | http://site.ebrary.com/lib/rucke/Doc?id=10453812 |
No items available.
